ASOIAF Shooting Gallery Quiz Stats

 Plays Quiz not verified by Sporcle

Challenge
Share
Tweet
Embed
Score 0/55 Timer 05:00
0 Plays Today
% Correct
Golden Company
95.1%
Brave Companions
94.9%
Second Sons
94.2%
Company of the Rose
93.7%
Company of the Cat
93%
Bright Banners
91.9%
Stormbreakers
91.6%
Long Lances
90.2%
Stormcrows
89.8%
A Dance with Dragons
87.9%
A Feast for Crows
87.7%
A Storm of Swords
87.7%
A Game of Thrones
87.6%
A Clash of Kings
87.4%
Braavos
86.4%
Pentos
86.1%
Mother
85.7%
Father
85.4%
Eddard
85.2%
Mance Rayder
85%
Maiden
84.8%
Warrior
84.7%
Stranger
84.2%
Lyanna
83.6%
Obara
83.5%
Benjen
83.2%
Drowned God
83%
Drogon
82.7%
% Correct
Crone
82%
Lys
81.8%
Volantis
81.5%
Obella
81.4%
Viserion
81.2%
Myr
81.2%
Rhaegal
80.9%
Sarella
80.5%
Pycelle
80.1%
Smith
79.8%
Brandon
79.5%
Elia
75.5%
Norvos
75%
Tyrosh
74.9%
Tyene
74.4%
Storm God
73.1%
Windblown
72.6%
Raymun Redbeard
72.5%
Nymeria
72.5%
Qohor
68.3%
Loreza
65.2%
Dorea
63.7%
Lorath
62.9%
Bael the Bard
62.4%
Joramun
59.6%
Horned Lord
52.3%
Gendel and Gorne
51.9%

You're not logged in!

Compare scores with friends on all Sporcle quizzes.
Join for Free
OR
Log In

You Might Also Like...

Show Comments

Extras

Top Quizzes Today


Score Distribution

Your Account Isn't Verified!

In order to create a playlist on Sporcle, you need to verify the email address you used during registration. Go to your Sporcle Settings to finish the process.

Report this User

Report this user for behavior that violates our Community Guidelines.

Details: